| 000 | 00583nas a2200229Ia 4500 | ||
|---|---|---|---|
| 001 | A50/R185-8298 [r000005520] | ||
| 003 | IT-MiCISF | ||
| 005 | 20251229123158.0 | ||
| 008 | 161014c99999999xx |||||||||||| ||und|| | ||
| 040 |
_aIT-MiCISF _cIT-MiCISF |
||
| 041 | _ait | ||
| 100 |
_aLiggeri Paolo _962992 |
||
| 245 | 0 | _aEssere madre non è facile | |
| 250 | _a"La casa", n. 2, marzo-aprile | ||
| 260 | _c1989 | ||
| 300 | _app. 55-64 | ||
| 500 | _a madre, maternità, vissuto-maternità | ||
| 650 | _aGenitorialità | ||
| 654 | _aarticolo | ||
| 942 |
_cCR _2ddc |
||
| 999 |
_c234002 _d234002 |
||
| 999 | _bSi | ||